| 000 | 00764nam a2200217 a 4500 | ||
|---|---|---|---|
| 001 | BRCA_871 | ||
| 005 | 20190320203203.0 | ||
| 008 | 940225s1988 ag-a---##b---#000-0#spa-d | ||
| 040 |
_aDLC _cDLC |
||
| 050 | 4 |
_aNK7130 _b.M38 1988 |
|
| 245 | 1 | 0 |
_aEl mate de plata _cGuiomar de Urgell ... [et al.]. |
| 260 |
_aBuenos Aires _bAsociación Amigos del Museo Municipal de Arte Hispanoamericano ´Isaac Fernández Blanco´ _c1988 |
||
| 300 |
_a177 p. _bil. (algunas a color) _c29 cm. |
||
| 500 | _aEstado físico: encuadernado, enero 2016 | ||
| 504 | _aBibliografía : p. 59-63 | ||
| 650 | 1 | 4 |
_aTrabajos en plata _zAmérica del Sur _92901 |
| 650 | 1 | 4 |
_aCubiletes _zAmérica del Sur _92902 |
| 650 | 1 | 4 |
_aMate (Té) _92903 |
| 700 | 1 |
_aUrgell, Guiomar de _92904 |
|
| 942 |
_2lcc _cB |
||
| 999 |
_c766 _d766 |
||